| 000 | 00672nam a2200229 u 4500 | ||
|---|---|---|---|
| 005 | 20240228064334.0 | ||
| 008 | 190207s2006 r 000 0 eng d | ||
| 020 | _a9788478645237 (13 dígitos) | ||
| 020 | _a8478645233 (10 dígitos) | ||
| 035 | _aUPN01000228885 | ||
| 049 | _aI | ||
| 050 | 4 |
_aPZ71 _bN8.5 |
|
| 245 | 0 | 4 |
_aLos números / _bil. F. Rigol. |
| 260 |
_aBarcelona, Esp. : _bCombel, _c2006. |
||
| 300 |
_a[10] p. : _bprincipalmente il. col. |
||
| 440 | 0 | _aAprendo con Dan y Din | |
| 650 | 4 |
_aLibros y lectura para niños _92290 |
|
| 650 | 4 |
_aCONTEO - _vLITERATURA INFANTIL _911126 |
|
| 700 | 1 |
_aRigol, F., _eil. |
|
| 905 | _aInfantil | ||
| 999 |
_c200980 _d200980 |
||